[Event "IND-chB 51st"]
[Site "Bhopal"]
[Date "2013.10.13"]
[Round "2"]
[White "Kiran, Panditrao"]
[Black "Swayams, Mishra"]
[Result "0-1"]
[WhiteElo "2124"]
[BlackElo "2434"]
[PlyCount "70"]
[EventDate "2013.10.12"]
[EventType "swiss"]
[EventRounds "13"]
[EventCountry "IND"]
[SourceTitle "EXT 2014"]
[Source "ChessBase"]
[SourceDate "2013.11.20"]
[SourceVersion "1"]
[SourceVersionDate "2013.11.20"]
[SourceQuality "1"]

1. Nf3 d6 2. d4 Nf6 3. g3 c5 4. Bg2 cxd4 5. Nxd4 d5 6. 0-0 e5 7. Nf3 Nc6 8. c4 d4 9. e3 Be7 10. exd4 exd4 11. Nbd2 0-0 12. Nb3 d3 13. Bf4 Be6 14. Rc1 Qd7 15. Rc3 Rfd8 16. Qb1 Bf5 17. Nbd2 h6 18. a3 a5 19. Rd1 Bc5 20. Qc1 Ng4 21. Rf1 g5 22. Nb3 Bxf2+ 23. Rxf2 Nxf2 24. Kxf2 gxf4 25. Qxf4 Qe6 26. Rc1 Kg7 27. Nbd4 Nxd4 28. Nxd4 Qb6 29. Bd5 Bg6 30. Kg2 Qf6 31. Qe3 Re8 32. Qg1 Be4+ 33. Kh3 Bxd5 34. cxd5 d2 35. Rf1 Re1 0-1

[Event "Internet Section 06A g/8'+2\""]
[Site "Dos Hermanas"]
[Date "2004.03.06"]
[Round "1"]
[White "Ashley, Martin"]
[Black "Kiran, Panditrao"]
[Result "0-1"]
[WhiteElo "1773"]
[BlackElo "2394"]
[PlyCount "32"]
[EventDate "2004.03.06"]
[EventType "swiss (blitz)"]
[EventRounds "9"]
[EventCountry "ESP"]
[SourceTitle "CBM 099 Extra"]
[Source "ChessBase"]
[SourceDate "2004.05.04"]
[SourceVersion "1"]
[SourceVersionDate "2004.05.04"]
[SourceQuality "1"]

1. e4 c5 2. Nf3 e6 3. Be2 a6 4. 0-0 Qc7 5. d3 d6 6. Be3 Nf6 7. Nbd2 Be7 8. c3 e5 9. d4 Nc6 10. dxe5 dxe5 11. Nc4 b5 12. Ncd2 0-0 13. c4 b4 14. b3 Rd8 15. Qc2 Nd4 16. Rfe1 Nxc2 0-1

[Event "Internet Section 06A g/8'+2\""]
[Site "Dos Hermanas"]
[Date "2004.03.06"]
[Round "4"]
[White "Kiran, Panditrao"]
[Black "Bolanos Vizcarra, Felix"]
[Result "0-1"]
[WhiteElo "2369"]
[BlackElo "2080"]
[PlyCount "80"]
[EventDate "2004.03.06"]
[EventType "swiss (blitz)"]
[EventRounds "9"]
[EventCountry "ESP"]
[SourceTitle "CBM 099 Extra"]
[Source "ChessBase"]
[SourceDate "2004.05.04"]
[SourceVersion "1"]
[SourceVersionDate "2004.05.04"]
[SourceQuality "1"]

1. Nf3 Nf6 2. c4 c5 3. g3 d5 4. cxd5 Nxd5 5. Bg2 e6 6. 0-0 Be7 7. Nc3 0-0 8. Nxd5 exd5 9. d3 Nc6 10. e3 b6 11. b3 Bf6 12. Rb1 Ba6 13. Re1 Nb4 14. Bf1 Nxa2 15. Bd2 Nb4 16. Bxb4 cxb4 17. d4 Bxf1 18. Rxf1 a5 19. Rc1 Qd7 20. Qd2 Rfc8 21. Kg2 Rxc1 22. Rxc1 Rc8 23. Rc2 Rxc2 24. Qxc2 h6 25. Ne1 g6 26. Nd3 Be7 27. Nf4 Kg7 28. Nd3 Bd6 29. f4 Qf5 30. Kf2 g5 31. Qd2 Qe4 32. Kg1 gxf4 33. gxf4 f6 34. Nc1 b5 35. Nd3 a4 36. bxa4 bxa4 37. Nf2 Qb1+ 38. Kg2 a3 39. Qe2 a2 40. Qg4+ Qg6 0-1

[Event "Internet Section 06A g/8'+2\""]
[Site "Dos Hermanas"]
[Date "2004.03.06"]
[Round "2"]
[White "Kiran, Panditrao"]
[Black "Delgado, Juan Carlos"]
[Result "1-0"]
[WhiteElo "2397"]
[BlackElo "2011"]
[PlyCount "119"]
[EventDate "2004.03.06"]
[EventType "swiss (blitz)"]
[EventRounds "9"]
[EventCountry "ESP"]
[SourceTitle "CBM 099 Extra"]
[Source "ChessBase"]
[SourceDate "2004.05.04"]
[SourceVersion "1"]
[SourceVersionDate "2004.05.04"]
[SourceQuality "1"]

1. Nf3 Nf6 2. c4 g6 3. g3 Bg7 4. Bg2 d6 5. d4 0-0 6. 0-0 Nbd7 7. Nc3 e5 8. e4 exd4 9. Nxd4 Re8 10. Re1 Ng4 11. h3 Qf6 12. hxg4 Qxd4 13. Qe2 c6 14. Bf4 Ne5 15. Be3 Qxc4 16. f3 Qxe2 17. Rxe2 Be6 18. Rd1 Nc4 19. Bc1 Rad8 20. Bf1 Ne5 21. Bg2 Bc4 22. Red2 Bf8 23. b3 Be6 24. Ba3 Rd7 25. g5 Red8 26. f4 Ng4 27. Rd3 h6 28. gxh6 Nxh6 29. Bf3 Bg4 30. Kg2 Bxf3+ 31. Kxf3 d5 32. Bxf8 dxe4+ 33. Kxe4 Rxd3 34. Rxd3 Rxd3 35. Kxd3 Kxf8 36. Ne4 Ke7 37. Kd4 b6 38. b4 Nf5+ 39. Ke5 Ne3 40. Nf2 Nc2 41. Nd3 f6+ 42. Ke4 Na3 43. Kd4 Ke6 44. g4 Nb5+ 45. Ke3 Kd5 46. g5 fxg5 47. fxg5 Nc3 48. Nf4+ Kc4 49. Nxg6 Nd5+ 50. Ke4 Kxb4 51. Nf4 Ne7 52. Ke5 c5 53. Ke6 Nc6 54. g6 Nd4+ 55. Ke5 Nc6+ 56. Kd6 Nd4 57. Ke5 Nc6+ 58. Kf6 Nb8 59. g7 Nd7+ 60. Ke7 1-0

[Event "IND-chT"]
[Site "Chennai"]
[Date "2000.??.??"]
[Round "6"]
[White "Kiran, Panditrao"]
[Black "Sasikiran, Krishnan"]
[Result "0-1"]
[WhiteElo "2178"]
[BlackElo "2514"]
[PlyCount "70"]
[EventDate "2000.??.??"]
[EventType "team"]
[EventRounds "6"]
[EventCountry "IND"]
[SourceTitle "EXT 2001"]
[Source "ChessBase"]
[SourceDate "2000.11.22"]
[SourceVersion "1"]
[SourceVersionDate "2000.11.22"]
[SourceQuality "1"]

1. b3 d5 2. Bb2 Nf6 3. e3 c6 4. Be2 Bf5 5. f4 a5 6. a4 e6 7. Nf3 Nbd7 8. 0-0 h6 9. Ne5 Be7 10. Bf3 Rc8 11. d3 0-0 12. Nd2 Nxe5 13. Bxe5 Nd7 14. Bb2 Bf6 15. Bxf6 Qxf6 16. Qe2 Qc3 17. e4 Bh7 18. Rac1 b5 19. axb5 cxb5 20. exd5 exd5 21. Bg4 Rce8 22. Qf2 Nf6 23. Bf3 a4 24. bxa4 bxa4 25. Nb1 Qb4 26. Qd2 Qd4+ 27. Kh1 Bf5 28. Na3 Rb8 29. Rb1 Qc5 30. Ra1 Rfe8 31. h3 Qd4 32. g4 Be4 33. Qg2 Bxf3 34. Qxf3 Re3 35. Qg2 Rbe8 0-1

[Event "Goodricke op 03rd"]
[Site "Kolkata"]
[Date "1992.??.??"]
[Round "3"]
[White "Bologan, Viktor"]
[Black "Kiran, Panditrao"]
[Result "1-0"]
[WhiteElo "2585"]
[BlackElo "2290"]
[PlyCount "70"]
[EventDate "1992.01.??"]
[EventType "swiss"]
[EventRounds "11"]
[EventCountry "IND"]
[SourceTitle "CBM 027 Extra"]
[Source "ChessBase"]
[SourceDate "1992.05.01"]
[SourceVersion "1"]
[SourceVersionDate "1992.05.01"]
[SourceQuality "1"]

1. e4 c5 2. Nf3 e6 3. d4 cxd4 4. Nxd4 a6 5. Nc3 Qc7 6. Bd3 Nc6 7. Nxc6 bxc6 8. Qe2 d6 9. 0-0 Nf6 10. f4 e5 11. Kh1 Be7 12. b3 0-0 13. fxe5 dxe5 14. Bb2 Bg4 15. Qe3 Be6 16. Na4 Nd7 17. Qe2 Nf6 18. Bc4 Bg4 19. Qd3 Nh5 20. Qe3 Rad8 21. Bxa6 h6 22. Bc4 Bg5 23. Qb6 Qd6 24. Qc5 Qg6 25. Bxe5 Rd2 26. Rf2 Be7 27. Qa7 Rd7 28. Qe3 Bg5 29. Qc3 Bh4 30. Rff1 Re8 31. Nc5 Rde7 32. Bd4 Bc8 33. e5 Qg4 34. Rf3 Nf4 35. g3 Rxe5 1-0

[Event "Goodricke op 03rd"]
[Site "Kolkata"]
[Date "1992.??.??"]
[Round "2"]
[White "Kiran, Panditrao"]
[Black "Konguvel, Ponnuswamy"]
[Result "1-0"]
[WhiteElo "2290"]
[BlackElo "2385"]
[PlyCount "75"]
[EventDate "1992.01.??"]
[EventType "swiss"]
[EventRounds "11"]
[EventCountry "IND"]
[SourceTitle "CBM 027 Extra"]
[Source "ChessBase"]
[SourceDate "1992.05.01"]
[SourceVersion "1"]
[SourceVersionDate "1992.05.01"]
[SourceQuality "1"]

1. e4 c5 2. Nf3 Nc6 3. d4 cxd4 4. Nxd4 Nf6 5. Nc3 e5 6. Ndb5 d6 7. Bg5 a6 8. Bxf6 gxf6 9. Na3 b5 10. Nd5 Bg7 11. Bd3 Ne7 12. Qf3 Nxd5 13. exd5 0-0 14. g4 Qa5+ 15. c3 Qa4 16. Be4 b4 17. Nc4 bxc3 18. b3 Qb4 19. 0-0 a5 20. Bc2 a4 21. Qe4 f5 22. gxf5 Bf6 23. a3 Qc5 24. b4 Qc7 25. Bd3 Kh8 26. Kh1 Rg8 27. Rg1 Bb7 28. Rg3 Rxg3 29. hxg3 Rc8 30. Rc1 Ba6 31. Rxc3 Qa7 32. Rc2 Qd4 33. Qxd4 exd4 34. Nxd6 Rc3 35. Rxc3 dxc3 36. b5 c2 37. Bxc2 Bxb5 38. Nxb5 1-0

[Event "Goodricke op 03rd"]
[Site "Kolkata"]
[Date "1992.??.??"]
[Round "9"]
[White "Prasad, Devaki V"]
[Black "Kiran, Panditrao"]
[Result "1-0"]
[WhiteElo "2415"]
[BlackElo "2290"]
[PlyCount "81"]
[EventDate "1992.01.??"]
[EventType "swiss"]
[EventRounds "11"]
[EventCountry "IND"]
[SourceTitle "CBM 027 Extra"]
[Source "ChessBase"]
[SourceDate "1992.05.01"]
[SourceVersion "1"]
[SourceVersionDate "1992.05.01"]
[SourceQuality "1"]

1. e4 c5 2. Nc3 Nc6 3. f4 e6 4. Bc4 Nf6 5. e5 d5 6. exd6 Bxd6 7. d3 0-0 8. Nge2 b6 9. a3 Bb7 10. 0-0 Rc8 11. Ba2 Nd4 12. Ng3 Qd7 13. Nce4 Be7 14. Kh1 Rfd8 15. Be3 Nd5 16. Bg1 Qc6 17. Qd2 Nf5 18. Rae1 g6 19. Re2 Nh4 20. Be3 f5 21. Ng5 Nxg2 22. Bxd5 exd5 23. Rxg2 d4 24. Bg1 Bxg5 25. fxg5 Rf8 26. h4 Qb5 27. b3 Qd7 28. Kh2 Bxg2 29. Qxg2 Qd6 30. Kh1 Rce8 31. Bh2 Qd7 32. Ne2 Re3 33. Nf4 Rfe8 34. Nd5 Qe6 35. Nf6+ Kf7 36. Nxe8 Qxe8 37. Bf4 Re2 38. Rf2 Re1+ 39. Kh2 Kg7 40. Qd5 Qe7 41. h5 1-0